Sol's RNG All Auras - Eon 1-1 - Statistics

General Stats
  • This quiz has been taken 183 times
    106 since last reset
  • The average score is 83 of 159
Answer Stats
Aura Rarity % Correct
Common 1/2
91%
Uncommon 1/4
85%
Exotic 1/99,999
83%
Rare 1/16
81%
CHROMATIC 1/20,000,000
79%
Sol [Dev-Exclusive]
79%
Divinus 1/32
77%
Lunar 1/50,0001/5,000 from Nighttime
77%
GARGANTUA 1/430,000,000 1/43,000,000 from Starfall
74%
i'm peach 1/400,000,000 (Limited)
74%
Jackpot 1/7771/194 from SandStorm
74%
Rage 1/128
74%
Solar 1/50,0001/5,000 from Daytime
74%
Arcane 1/1,000,000
72%
ATLAS 1/360,000,0001/90,000,000 from SandStorm
72%
BLOODLUST 1/300,000,0001/50,000,000 from Hell
72%
Celestial 1/350,000
72%
Diaboli 1/1,004
72%
Glitch 1/12,210,110Glitch Only
72%
Good 1/5
72%
Natural 1/8
72%
Sailor 1/12,000,0001/3,000,000 from Rainy
72%
Undefined 1/1,111,0001/1,111 from Null
72%
Wind 1/9001/300 from Windy
72%
ABYSSAL HUNTER 1/400,000,0001/100,000,000 from Rainy
70%
ARCHANGEL 1/250,000,000
70%
CHROMATIC : GENESIS 1/99,999,999
70%
IMPEACHED 1/200,000,0001/40,000,000 from Corruption
70%
Twilight 1/6,000,0001/600,000 from Nighttime
70%
Undead 1/12,0001/2,000 from Hell
70%
AEGİS 1/825,000,000
68%
APOSTOLOS 1/444,000,000
68%
Arcane : Legacy 1/15,000,000
68%
Emerald 1/500
68%
Exotic : APEX 1/49,999,500
68%
:Flushed: 1/6,900
68%
Hades 1/6,666,6661/1,111,111 from Hell
68%
Lunar : Full Moon 1/5,000,0001/500,000 from Nighttime
68%
Magnetic 1/2,048
68%
Matrix 1/50,000,000
68%
OPPRESSION 1/220,000,000Glitch Only
68%
Overture 1/150,000,000
68%
Ruby 1/350
68%
STARSCOURGE 1/10,000,0001/1,000,000 from Starfall
68%
STARSCOURGE : RADIANT 1/100,000,0001/10,000,000 from Starfall
68%
Arcane : Dark 1/30,000,000
66%
Crystallized 1/64
66%
Gilded 1/5121/128 from SandStorm
66%
Kyawthuite 1/850,000
66%
Overture : History 1/300,000,000
66%
Sapphire 1/800
66%
Stormal 1/90,0001/30,000 from Windy
66%
Undead : Devil 1/120,0001/20,000 from Hell
66%
Astral 1/1,336,0001/267,200 from Corruption
64%
BOUNDED 1/200,000
64%
Luminosity 1/1,200,000,000
64%
Poseidon 1/4,000,0001/1,000,000 from Rainy
64%
Precious 1/1,024
64%
Solar : Solstice 1/5,000,0001/500,000 from Daytime
64%
StarRider 1/50,0001/5,000 from Starfall
64%
Zeus 1/4,500,000
64%
Diaboli : Void 1/100,400
62%
Galaxy 1/5,000,0001/500,000 from Starfall
62%
Glacier 1/2,3041/256 from Snowy
62%
HYPER-VOLT 1/7,500,000
62%
Jade 1/125,000
62%
Nihility 1/9,000,0001/9,000 from Null
62%
Sailor : Flying Dutchman 1/80,000,0001/20,000,000 from Rainy
62%
SOVEREIGN 1/750,000,000
62%
Ethereal 1/35,000,000
60%
FAULT 1/3,000Glitch Only
60%
Flushed : Lobotomy 1/69,000
60%
Glock 1/1,700
60%
GRAVITATIONAL 1/2,000,000
60%
MATRIX : OVERDRIVE 1/503,000,000
60%
RUINS 1/500,000,000
60%
Symphony 1/175,000,000
60%
Topaz 1/150
60%
BOUNDED : UNBOUND 1/2,000,000
57%
Celestial : Cupid Limited / Valentine
57%
COMET 1/120,0001/12,000 from Starfall
57%
Forbidden 1/404
57%
Permafrost 1/73,5001/24,500 from Snowy
57%
Stormal : Hurricane 1/13,500,0001/4,500,000 from Windy
57%
Twilight : Iridescent Memory 1/60,000,0001/6,000,000 from Nighttime
57%
Virtual 1/2,500,000
57%
Eclipse 1/30,000[Craftable]
55%
Ink 1/700
55%
Magnetic : Reverse Polarity 1/1,024,000
55%
OBLIVION 1/2,000Oblivon Potion ONLY
55%
Rage : Heated 1/12,800
55%
STARLIGHT 1/50,0001/5,000 from Starfall
55%
Aquamarine 1/900
53%
Aquatic 1/40,000
53%
HAZARD 1/7,0001/1,400 from Corruption
53%
LIGHTNING 1/40,000 (Vaulted)
53%
Memory 1/100Oblivon Potion ONLY
53%
Overseer 1/45,000,000
53%
Quartz 1/8,192
53%
AVIATOR 1/24,000,000
51%
Bleeding 1/4,444
51%
Divinus : Love Limited / Valentine
49%
Ink : L E A K 1/14,000
49%
Origin 1/6,500,000
49%
Sirius 1/14,000,0001/1,400,000 from Starfall
49%
SIRIUS [Removed]
49%
Undefined : Defined 1/2,222,0001/2,222 from Null (Limited)
49%
Aether 1/180,000
47%
Nautilus 1/70,000
47%
Sidereum 1/4,096
47%
AQUATIC : FLAME 1/4,000,000
45%
Corrosive 1/12,0001/2,400 from Corruption
45%
Flushed : Heart Eye Limited / Valentine
45%
HAZARD : RAYS 1/70,0001/14,000 from Corruption
45%
Powered 1/16,384
45%
RAGE : BRAWLER 1/1,280,000
45%
Surfer Limited / Summer Event
45%
Blossom Limited / Valentine
43%
CELESTIAL : DIVINE 1/7,000,000
43%
Lost Soul 1/9,200
43%
PUMP 1/200,000 [Pumpkin Moon Only]
43%
Savior 3,200,000
43%
Watermelon 1/320,000 (Limited)
43%
CHROMATIC : EXOTIC 1/99,999,999 (Removed)
40%
Ash 1/2,300
38%
SHARD SURFER 1/225,000,0001/75,000,000 from Snowy (Limited)
38%
HARVESTER 1/666,000,000 [Graveyard Only]
36%
APOSTOLOS : VEIL 1/800,000,000 [Graveyard/Pumpkin Moon Only]
34%
Innovator 1/30,000,000 (Limited)RIA Event
34%
Player 1/3,000
32%
Starfish Rider 1/250,0001/25,000 from Starfall (Limited)
32%
Vital 1/6,000,000 [Pumpkin Moon Only]
30%
Cryptfire 1/21,000,000 [Graveyard Only]
26%
Abomination Unobtainable
23%
Moonflower 1/10,000,000 [Pumpkin Moon Only]
23%
:smiro: 1 in :smiro: [Dev-Exclusive]
23%
DULLAHAN 1/72,000,000 [Graveyard Only]
21%
Lunar : Nightfall 1/3,000,000 [Graveyard Only]
21%
NIGHTMARE SKY 1/190,000,000 [Pumpkin Moon Only]
21%
Red Full Moon [Dev-Exclusive]
21%
ROAD TRIP 1/12345[Removed]
21%
CHROMATIC : KROMAT1K 1/40,000,000 (Limited)
19%
SOUL HUNTER 1/40,000,000 [Graveyard Only]
19%
Find the probability of this aura 1/i
17%
Samgong [Dev-Exclusive]
17%
MONARCH [Removed]
15%
THE ROCK [Removed]
15%
Deepwoken [Dev-Exclusive]
11%
Twilight : Viridescent Memory [Dev-Exclusive]
11%
HALLUCINATION [Removed]
9%
LAYERS [Removed]
9%
Stardust [Dev-Exclusive]
9%
Stella [Removed]
9%
yuyo 1/개죽이[Dev-Exclusive]
9%
ConstraintTest 1/1 (Unobtainable)
6%
Kyawthuite : Iridescent Memory [Dev-Exclusive]
6%
THERMA [Dev-Exclusive
6%
$⁒^Cruel!@# [Dev-Exclusive]
4%
LUNATIC [Removed]
4%
No matching quizzes found
Score Distribution
Percent of People with Each Score
Percentile by Number Answered
Your Score History
You have not taken this quiz since the last reset